[Event "Vladivostok Meridian op rap"]
[Site "Vladivostok"]
[Date "2014.07.20"]
[Round "9"]
[White "Kilbienep, Zakhar"]
[Black "Ivanov, Mikhail M"]
[Result "0-1"]
[WhiteElo "2147"]
[BlackElo "2392"]
[PlyCount "78"]
[EventDate "2014.07.18"]
[EventType "swiss (rapid)"]
[EventRounds "11"]
[EventCountry "RUS"]
[SourceTitle "CBM 161 Extra"]
[Source "ChessBase"]
[SourceDate "2014.08.29"]
[SourceVersion "1"]
[SourceVersionDate "2014.08.29"]
[SourceQuality "1"]

1. d4 Nf6 2. Nf3 g6 3. Nc3 d5 4. Bg5 Bg7 5. Bxf6 Bxf6 6. e4 dxe4 7. Nxe4 Bg7 8. Bc4 0-0 9. 0-0 Nd7 10. Re1 Nb6 11. Bb3 a5 12. a3 a4 13. Ba2 Nd5 14. c3 b6 15. Qd2 Bb7 16. Rad1 e6 17. Ne5 c5 18. f4 cxd4 19. cxd4 Qe7 20. Qf2 Rac8 21. Rc1 Rfd8 22. Nc3 Nxc3 23. Rxc3 Rxc3 24. bxc3 Bxe5 25. fxe5 Qxa3 26. Qf6 Re8 27. Rf1 Qe7 28. Qf4 b5 29. h4 Bd5 30. Bxd5 exd5 31. h5 a3 32. hxg6 hxg6 33. Kf2 a2 34. Rh1 f5 35. g4 fxg4 36. Qxg4 Qf7+ 37. Kg3 Rf8 38. Rf1 a1Q 39. e6 Qc7+ 0-1